[Event "Ruhrgebiet Verbandsbezirksliga Gr 1"]
[Site "Ruhrgebiet"]
[Date "2018.10.28"]
[Round "2.3"]
[White "Mueller, Andreas2"]
[Black "Markert, Kurt"]
[Result "1-0"]
[WhiteElo "1688"]
[BlackElo "1731"]
[PlyCount "133"]
[EventDate "2018.09.30"]
[EventType "team-tourn"]
[EventRounds "9"]
[EventCountry "GER"]
[SourceTitle "EXT 2022"]
[Source "ChessBase"]
[SourceDate "2021.10.06"]
[SourceVersion "1"]
[SourceVersionDate "2021.10.06"]
[SourceQuality "1"]
[WhiteTeam "Werl SC 1981 II"]
[BlackTeam "Kamen SV III"]
[WhiteTeamCountry "GER"]
[BlackTeamCountry "GER"]

1. e4 e5 2. Nc3 Nc6 3. Bc4 Nf6 4. Nf3 h6 5. 0-0 Bc5 6. a3 d6 7. d3 0-0 8. Na4 Bb6 9. Nxb6 axb6 10. h3 Nh7 11. Be3 Qe7 12. Qd2 Be6 13. Bxe6 Qxe6 14. Nh4 Ne7 15. f4 exf4 16. Rxf4 g5 17. Rg4 Nf6 18. Rg3 Nh5 19. Rf3 gxh4 20. Bxh6 Kh7 21. Bxf8 Rxf8 22. Qg5 Qe5 23. Qxh4 Ng6 24. Qf2 Qg7 25. Rf1 Ne5 26. Re3 Qg5 27. Kh2 Rg8 28. d4 Nf4 29. Rg1 Neg6 30. g3 Nxh3 31. Kxh3 Nf4+ 32. Qxf4 Qxf4 33. gxf4 Rxg1 34. Re2 Rd1 35. c3 Kg7 36. Kg4 c6 37. Kf5 Rh1 38. Rg2+ Kf8 39. e5 d5 40. e6 Rh5+ 41. Kg4 Rh7 42. exf7 Kxf7 43. Re2 Rg7+ 44. Kf3 Rh7 45. Rg2 Kf6 46. Ke3 b5 47. Kd3 Kf5 48. Kc2 Kxf4 49. Re2 Kf5 50. Kb3 b6 51. Kb4 Ra7 52. b3 Rh7 53. Re8 Rc7 54. Rb8 c5+ 55. dxc5 bxc5+ 56. Kxb5 d4 57. Kc4 Rd7 58. cxd4 cxd4 59. Kd3 Ke5 60. Rb5+ Ke6 61. Rh5 Ra7 62. a4 Rb7 63. Kc4 Rd7 64. a5 d3 65. Rh1 Ke5 66. b4 Rc7+ 67. Kxd3 1-0

[Event "Ruhrgebiet Verbandsbezirksliga Gr 1"]
[Site "Ruhrgebiet"]
[Date "2018.09.30"]
[Round "1.3"]
[White "Markert, Kurt"]
[Black "Budde, Uwe"]
[Result "1/2-1/2"]
[WhiteElo "1731"]
[BlackElo "1736"]
[PlyCount "29"]
[EventDate "2018.09.30"]
[EventType "team-tourn"]
[EventRounds "9"]
[EventCountry "GER"]
[SourceTitle "EXT 2022"]
[Source "ChessBase"]
[SourceDate "2021.10.06"]
[SourceVersion "1"]
[SourceVersionDate "2021.10.06"]
[SourceQuality "1"]
[WhiteTeam "Kamen SV III"]
[BlackTeam "Boenen SV II"]
[WhiteTeamCountry "GER"]
[BlackTeamCountry "GER"]

1. e4 d6 2. d4 Nf6 3. Nc3 c6 4. h3 Nbd7 5. Nf3 e5 6. Bd3 Be7 7. 0-0 0-0 8. Ne2 Re8 9. c3 h6 10. Ng3 a6 11. Be3 Nh7 12. Nf5 Bf8 13. Qc1 Ndf6 14. dxe5 dxe5 15. Rd1 1/2-1/2

[Event "Ruhrgebiet Verbandsliga Gruppe 1 1718"]
[Site "Germany"]
[Date "2018.02.25"]
[Round "7.8"]
[White "Markert, Kurt"]
[Black "Dette, Tim"]
[Result "0-1"]
[WhiteElo "1730"]
[BlackElo "1816"]
[PlyCount "41"]
[EventDate "2017.09.17"]
[EventType "team-tourn"]
[EventRounds "9"]
[EventCountry "GER"]
[SourceTitle "EXT 2022"]
[Source "ChessBase"]
[SourceDate "2021.10.06"]
[SourceVersion "1"]
[SourceVersionDate "2021.10.06"]
[SourceQuality "1"]
[WhiteTeam "Kamen SV II"]
[BlackTeam "Essen Katernberg III"]
[WhiteTeamCountry "GER"]
[BlackTeamCountry "GER"]

1. e4 e6 2. d4 d5 3. Nc3 dxe4 4. Nxe4 Nf6 5. Nxf6+ Qxf6 6. Nf3 h6 7. Bd3 Bd6 8. c3 0-0 9. 0-0 c5 10. Bc2 cxd4 11. Qxd4 Qxd4 12. Nxd4 Nc6 13. Nxc6 bxc6 14. Be3 Bb7 15. Be4 f5 16. Bc2 f4 17. Rad1 Ba6 18. Rfe1 fxe3 19. Rxe3 Bc5 20. Rxe6 Rxf2 21. Bb3 0-1

[Event "Ruhrgebiet Bezirksliga 17/18"]
[Site "Ruhrgebiet"]
[Date "2018.01.28"]
[Round "6.2"]
[White "Nattermueller, Matthias"]
[Black "Markert, Kurt"]
[Result "1-0"]
[WhiteElo "1960"]
[BlackElo "1730"]
[PlyCount "77"]
[EventDate "2017.09.03"]
[EventType "team-tourn"]
[EventRounds "9"]
[EventCountry "GER"]
[SourceTitle "EXT 2022"]
[Source "ChessBase"]
[SourceDate "2021.10.06"]
[SourceVersion "1"]
[SourceVersionDate "2021.10.06"]
[SourceQuality "1"]
[WhiteTeam "Ahlen SV II"]
[BlackTeam "Kamen SV IV"]
[WhiteTeamCountry "GER"]
[BlackTeamCountry "GER"]

1. d4 d5 2. Bg5 Nf6 3. e3 e6 4. Bd3 Be7 5. Nd2 Nbd7 6. Ngf3 c5 7. c3 cxd4 8. cxd4 h6 9. Bf4 0-0 10. Ne5 a6 11. 0-0 Nxe5 12. dxe5 Ne8 13. Rc1 Bg5 14. Nf3 Bxf4 15. exf4 Bd7 16. Bb1 g6 17. Qd2 Kg7 18. h4 h5 19. Rc3 Rc8 20. Rxc8 Qxc8 21. Rc1 Qd8 22. Rc3 Qe7 23. Ng5 Bc6 24. Rg3 Bd7 25. Qc2 Kh8 26. Nf3 Rg8 27. Rg5 Rg7 28. g4 hxg4 29. Rxg4 f5 30. exf6 Qxf6 31. Ne5 g5 32. Rxg5 Rxg5+ 33. hxg5 Qg7 34. Qc5 Kg8 35. Bg6 Bb5 36. Bf7+ Kh7 37. Qa3 Qh8 38. Qe7 Qg7 39. g6+ 1-0

[Event "Ruhrgebiet Bezirksliga 16/17"]
[Site "Ruhrgebiet"]
[Date "2017.01.08"]
[Round "6.1"]
[White "Markert, Kurt"]
[Black "Dickel, Bodo"]
[Result "1/2-1/2"]
[WhiteElo "1761"]
[BlackElo "1482"]
[PlyCount "66"]
[EventDate "2016.08.28"]
[EventType "team-tourn"]
[EventRounds "11"]
[EventCountry "GER"]
[SourceTitle "EXT 2022"]
[Source "ChessBase"]
[SourceDate "2021.10.06"]
[SourceVersion "1"]
[SourceVersionDate "2021.10.06"]
[SourceQuality "1"]
[WhiteTeam "Kamen SV III"]
[BlackTeam "Luenen Horstmar SC II"]
[WhiteTeamCountry "GER"]
[BlackTeamCountry "GER"]

1. e4 e5 2. Bc4 Nf6 3. Nf3 Bc5 4. 0-0 0-0 5. d3 d6 6. h3 Be6 7. Bb3 Qd7 8. Kh2 h6 9. Be3 Nc6 10. c3 Rad8 11. Bc2 Nh7 12. d4 exd4 13. cxd4 Bc4 14. dxc5 Bxf1 15. Qxf1 Rfe8 16. Nc3 a6 17. Rd1 Nf6 18. a3 Qe6 19. Nd5 Rd7 20. Nxf6+ Qxf6 21. cxd6 Qxb2 22. dxc7 Rxc7 23. Qd3 Rd8 24. Qb3 Qf6 25. Rxd8+ Nxd8 26. Qd3 Ne6 27. e5 Qd8 28. Qh7+ Kf8 29. Bb6 Ng5 30. Nxg5 Qxg5 31. Bxc7 Qf4+ 32. g3 Qxf2+ 33. Kh1 Qf1+ 1/2-1/2

[Event "Ruhrgebiet Bezirksliga 15/16"]
[Site "Ruhrgebiet"]
[Date "2015.09.20"]
[Round "2.2"]
[White "Medger, Gernot"]
[Black "Markert, Kurt"]
[Result "1/2-1/2"]
[WhiteElo "1779"]
[BlackElo "1757"]
[PlyCount "22"]
[EventDate "2015.08.30"]
[EventType "team-tourn"]
[EventRounds "9"]
[EventCountry "GER"]
[SourceTitle "EXT 2022"]
[Source "ChessBase"]
[SourceDate "2021.10.06"]
[SourceVersion "1"]
[SourceVersionDate "2021.10.06"]
[SourceQuality "1"]
[WhiteTeam "Boenen SV II"]
[BlackTeam "Kamen SV III"]
[WhiteTeamCountry "GER"]
[BlackTeamCountry "GER"]

1. d4 d5 2. Nf3 g6 3. e3 Bg7 4. Bd3 Nf6 5. 0-0 0-0 6. c3 Bg4 7. Nbd2 Nbd7 8. h3 Bxf3 9. Nxf3 c5 10. Re1 e6 11. b3 Rc8 1/2-1/2

[Event "Ruhrgebiet Regionalliga 1112"]
[Site "Nordrheinwestfalen"]
[Date "2012.05.06"]
[Round "9.8"]
[White "Schwenke, Markus"]
[Black "Markert, Kurt"]
[Result "1-0"]
[WhiteElo "1938"]
[BlackElo "1758"]
[PlyCount "47"]
[EventDate "2011.09.25"]
[EventType "team-tourn"]
[EventRounds "9"]
[EventCountry "GER"]
[SourceTitle "EXT 2020"]
[Source "ChessBase"]
[SourceDate "2019.10.17"]
[SourceVersion "1"]
[SourceVersionDate "2019.10.17"]
[SourceQuality "1"]
[WhiteTeam "Holsterhausen SK"]
[BlackTeam "Kamen SV"]
[WhiteTeamCountry "GER"]
[BlackTeamCountry "GER"]

1. e4 e5 2. Nc3 Nf6 3. f4 d5 4. Nf3 Bg4 5. h3 Bxf3 6. Qxf3 dxe4 7. Nxe4 Nxe4 8. Qxe4 Qh4+ 9. Kd1 Nc6 10. Bb5 Bd6 11. Bxc6+ bxc6 12. Qxc6+ Ke7 13. fxe5 Bxe5 14. Re1 f6 15. Qxc7+ Ke6 16. Qc6+ Kf7 17. Qb7+ Ke6 18. c3 Rhd8 19. d4 Rab8 20. Qe4 Qf2 21. Re2 Qf1+ 22. Kc2 Kf7 23. Rb1 Bxd4 24. Bd2 1-0

[Event "Ruhrgebiet VK1 1112"]
[Site "Nordrheinwestfalen"]
[Date "2012.03.04"]
[Round "7"]
[White "Markert, Kurt"]
[Black "Hampe, Lars"]
[Result "1/2-1/2"]
[WhiteElo "1758"]
[BlackElo "1932"]
[PlyCount "29"]
[EventDate "2012.09.18"]
[EventType "team-tourn"]
[EventRounds "9"]
[EventCountry "GER"]
[SourceTitle "EXT 2020"]
[Source "ChessBase"]
[SourceDate "2019.10.17"]
[SourceVersion "1"]
[SourceVersionDate "2019.10.17"]
[SourceQuality "1"]
[WhiteTeam "Kamen SV II"]
[BlackTeam "Hoentrop SG"]
[WhiteTeamCountry "GER"]
[BlackTeamCountry "GER"]

1. e4 c6 2. Nf3 d6 3. d4 Qc7 4. Nc3 Bg4 5. Be2 e5 6. Be3 Nf6 7. Qd2 Nbd7 8. Ng5 Bxe2 9. Qxe2 h6 10. Nf3 Be7 11. Nd2 Nf8 12. 0-0 Ne6 13. d5 Nd4 14. Qd1 0-0 15. Rc1 1/2-1/2

[Event "Ruhrgebiet VK1 1112"]
[Site "Nordrheinwestfalen"]
[Date "2011.12.11"]
[Round "4.6"]
[White "Markert, Kurt"]
[Black "Raskin, Vitaly"]
[Result "1-0"]
[WhiteElo "1758"]
[BlackElo "1713"]
[PlyCount "83"]
[EventDate "2012.09.18"]
[EventType "team-tourn"]
[EventRounds "9"]
[EventCountry "GER"]
[SourceTitle "EXT 2020"]
[Source "ChessBase"]
[SourceDate "2019.10.17"]
[SourceVersion "1"]
[SourceVersionDate "2019.10.17"]
[SourceQuality "1"]
[WhiteTeam "Kamen SV II"]
[BlackTeam "Dortmund FS 98"]
[WhiteTeamCountry "GER"]
[BlackTeamCountry "GER"]

1. e4 e5 2. Nf3 Nc6 3. Bc4 d6 4. h3 Be6 5. Bxe6 fxe6 6. d4 exd4 7. Nxd4 Nxd4 8. Qxd4 e5 9. Qb4 b6 10. 0-0 Nf6 11. f4 Qd7 12. fxe5 dxe5 13. Qc4 0-0-0 14. Qa6+ Kb8 15. Nc3 Bc5+ 16. Kh1 c6 17. Bg5 Rhf8 18. Rad1 Qe6 19. Qe2 Bd4 20. Rf3 h6 21. Bxf6 gxf6 22. Rdf1 Rd7 23. Nd1 Rdf7 24. c3 Bc5 25. b4 Bd6 26. Ne3 Bc7 27. Nf5 Rh8 28. a4 Rd7 29. Ng3 Bd8 30. Nf5 Bc7 31. c4 h5 32. c5 bxc5 33. bxc5 Ka8 34. Ne3 Rf8 35. Nf5 Rfd8 36. Ng3 Rd2 37. Qa6 Rg8 38. Rxf6 Qe8 39. Ne2 Rb2 40. Rxc6 Rb6 41. cxb6 Qxc6 42. Qxa7# 1-0